000 00351 a2200157 4500
001 194455
020 _a85-16-02103-3
040 _cMagnum
100 _aAlencar, Chico
240 1 0 _aPassos de cruz e luz
_lpor
245 1 0 _aPassos de cruz e luz
300 _a31
362 0 _a1998
697 _aLÍNGUA - LINGÜÍSTICA - LITERATURA
942 _cBK
999 _c194455
_d194455